000 00512nam a22001457a 4500
008 020421b xxu||||| |||| 00| 0 eng d
020 _a9-780745-62757-1
040 _aG.U
_cT.O.D
_dG.U
082 _a300 KAL
_b0026572
245 _aGlobal civil society :
_bAn answer to war /
_cKaldor, Mary . _
260 _a Cambridge, UK :
_bpolity press,
_cC2003
300 _aviii, 189 pages :
_bill. ;
_c24 cm.
_einclude bibliographical references and indexes
650 _v1.civil society 2. globalization
942 _2ddc
_cBOOK
999 _c910
_d910